| 000 | 00573nam a22001695i 4500 | ||
|---|---|---|---|
| 001 | 164806 | ||
| 003 | ES-MaACL | ||
| 005 | 20230906213018.0 | ||
| 008 | 050808s1862 fr | |||||||| ||fre d | ||
| 040 |
_aCAM _bspa _cCAM |
||
| 100 | 1 |
_aSardou, Victorien. _9103800 |
|
| 245 | 1 | 0 |
_aNos intimes¡ _b: comédie en quatre actes / _cpar Victorien Sardou. |
| 260 |
_aParis : _bMichel Lévy frères libraires-éditeurs, _c1862 ( _fImprimerie de Pillet et fils ainé) |
||
| 300 |
_a157 p. ; _c18 cm. |
||
| 752 |
_aFrancia - _dParís |
||
| 852 |
_aES-MaACL _jF-8810(1) _z-- Enc. hol. |
||
| 999 |
_c164806 _d164806 |
||